000 00175nam a2200085 4500
001 1258550
005 20260312190245.0
245 _aHALİME KAPTAN
_cRIFAT ILGAZ
260 _bÇINAR
999 _c1258550
_d1258550